| 000 | 00886nam a2200181 a 4500 | ||
|---|---|---|---|
| 005 | 20140412111316.0 | ||
| 008 | 010309s19uu xx 00 eng d | ||
| 020 | _a0-590-50983-7 | ||
| 050 |
_aER _bIn1 1995 |
||
| 100 | _aKrulik, Nancy E. | ||
| 245 |
_aThe Indian in the cupboard : _bOmri's scrapbook / _cadapted by Nancy E. Krulik. |
||
| 260 |
_aNew York : _bParamount Picture/Scholastic Inc, _c1995. |
||
| 300 | _a28 p. ; ill. | ||
| 520 | _aMy name is Omri, and this scrapbook tells all about the most amazing thing that's ever happened to me. For my birthday, my friend Patrick gave me a plastic Indian figure and my brother gave me an old cupboard. When I put the plastic figure into the cupboard, the figure came alive! When you see the pictures you won't believe it . . . I still can't! | ||
| 650 | _aIndian stories -- Fiction | ||
| 650 | _aToys - Fiction | ||
| 999 |
_c104230 _d104230 |
||